Derecho de la regulación, los servicios públicos y la integración regional / (Registro nro. 5910)
[ vista simple ]
| 000 -LEADER | |
|---|---|
| fixed length control field | 01246nam a2200325Ia 4500 |
| 003 - CONTROL NUMBER IDENTIFIER | |
| control field | OSt |
| 005 - DATE AND TIME OF LATEST TRANSACTION | |
| control field | 20200805200430.0 |
| 008 - FIXED-LENGTH DATA ELEMENTS--GENERAL INFORMATION | |
| fixed length control field | 191128s2009 ck fr 000 0 spa d |
| 020 ## - INTERNATIONAL STANDARD BOOK NUMBER | |
| International Standard Book Number | 9789587830217 |
| Qualifying information | v. 1 |
| 020 ## - INTERNATIONAL STANDARD BOOK NUMBER | |
| International Standard Book Number | 9789587380897 |
| Qualifying information | v. 2 |
| 040 ## - CATALOGING SOURCE | |
| Original cataloging agency | CO-JMCR |
| Transcribing agency | CO-JMCR |
| 041 0# - LANGUAGE CODE | |
| Language code of text/sound track or separate title | spa |
| 082 04 - DEWEY DECIMAL CLASSIFICATION NUMBER | |
| Classification number | 343.091 / |
| Item number | M321d |
| Edition number | 23 |
| 100 1# - MAIN ENTRY--PERSONAL NAME | |
| Personal name | Marcou, Gérar, |
| Relator term | director |
| 9 (RLIN) | 8469 |
| 245 10 - TITLE STATEMENT | |
| Title | Derecho de la regulación, los servicios públicos y la integración regional / |
| Statement of responsibility, etc. | bajo la dirección de Gérard Marcou y Franck Moderne ; editora de la colección, Myriam Salcedo Castro |
| 260 ## - PUBLICATION, DISTRIBUTION, ETC. | |
| Place of publication, distribution, etc. | Bogotá : |
| Name of publisher, distributor, etc. | Universidad del Rosario, |
| Date of publication, distribution, etc. | 2009 |
| 300 ## - PHYSICAL DESCRIPTION | |
| Extent | 2 volúmenes ; |
| Dimensions | 24 cm. |
| 490 0# - SERIES STATEMENT | |
| Series statement | Colección cuestiones de derecho comparado |
| 504 ## - BIBLIOGRAPHY, ETC. NOTE | |
| Bibliography, etc. note | Incluye bibliografía al final de cada capítulo. |
| 505 2# - FORMATTED CONTENTS NOTE | |
| Miscellaneous information | Volumen 1 |
| Title | comparaciones y comentarios. |
| 650 14 - SUBJECT ADDED ENTRY--TOPICAL TERM | |
| Topical term or geographic name entry element | Derecho comparado |
| 9 (RLIN) | 2139 |
| 650 14 - SUBJECT ADDED ENTRY--TOPICAL TERM | |
| Topical term or geographic name entry element | Derecho de la regulación |
| 9 (RLIN) | 8470 |
| 650 14 - SUBJECT ADDED ENTRY--TOPICAL TERM | |
| Topical term or geographic name entry element | Regulación de servicios públicos |
| 9 (RLIN) | 8471 |
| 650 14 - SUBJECT ADDED ENTRY--TOPICAL TERM | |
| Topical term or geographic name entry element | Regulación económica |
| 9 (RLIN) | 5713 |
| 650 24 - SUBJECT ADDED ENTRY--TOPICAL TERM | |
| Topical term or geographic name entry element | Servicios públicos |
| 9 (RLIN) | 8472 |
| 650 24 - SUBJECT ADDED ENTRY--TOPICAL TERM | |
| Topical term or geographic name entry element | Integración regional |
| 9 (RLIN) | 3984 |
| 700 1# - ADDED ENTRY--PERSONAL NAME | |
| Personal name | Moderne, Franck, |
| Relator term | autor |
| 9 (RLIN) | 8473 |
| 700 1# - ADDED ENTRY--PERSONAL NAME | |
| Personal name | Salcedo, Myriam, |
| Relator term | editora |
| 9 (RLIN) | 8474 |
| 942 ## - ADDED ENTRY ELEMENTS (KOHA) | |
| Source of classification or shelving scheme | Dewey Decimal Classification |
| Koha item type | Books |
| Withdrawn status | Lost status | Source of classification or shelving scheme | Damaged status | Not for loan | Collection code | Home library | Current library | Date acquired | Source of acquisition | Full call number | Barcode | Date last seen | Copy number | Koha item type |
|---|---|---|---|---|---|---|---|---|---|---|---|---|---|---|
| Dewey Decimal Classification | Non-fiction | Biblioteca Pública José María del Castillo y Rada | Biblioteca Pública José María del Castillo y Rada | 04/15/2018 | Donación | 343.091 / M321d | 430008117 | 05/16/2024 | V.1 / Ej.1 | Books |